| 000 | 00867cab a2200301 4500 | ||
|---|---|---|---|
| 001 | ABS67414 | ||
| 008 | 040129n2004 000 0 eng u | ||
| 035 | _a(Sirsi) u124959 | ||
| 245 | _aRegional survey: Somerset, Devon and Cornwall | ||
| 260 | _c2004 | ||
| 490 |
_aProperty Week _v69(4) 23 January 2004, 63-72(6) |
||
| 590 | _aABS | ||
| 650 | _aSOMERSET | ||
| 650 | _aDEVON | ||
| 650 | _aCORNWALL | ||
| 650 | _aEXETER | ||
| 650 | _aPLYMOUTH | ||
| 650 | _aTAUNTON | ||
| 650 | _aYEOVIL | ||
| 650 | _aHIGHBRIDGE | ||
| 650 | _aPENZANCE | ||
| 650 | _aREGENERATION | ||
| 650 | _aPROPERTY-COMMERCIAL PROPERTY-RETAIL PROPERTY-RETAIL PROPERTY MARKET | ||
| 650 | _aINDUSTRIAL MARKET | ||
| 650 | _aPROPERTY-COMMERCIAL PROPERTY-OFFICE PROPERTY-OFFICE PROPERTY MARKET | ||
| 690 | _aPROPERTY-COMMERCIAL PROPERTY-COMMERCIAL PROPERTY MARKET | ||
| 942 | _n0 | ||
| 999 |
_c74089 _d74089 |
||